Relational database writings 1985 - 1989 /

Gespeichert in:
Bibliographische Detailangaben
Hauptverfasser: Date, C.J (Verfasst von), Warden, Andrew (Verfasst von)
Format: Buch
Sprache:Englisch
Veröffentlicht: Reading : Addison-Wesley, 1990
Tags: Tag hinzufügen
Keine Tags, Fügen Sie das erste Tag hinzu!

MARC

LEADER 00000nam a22000003a 4500
001 stu180
005 20150617225622.7
008 910416s1990----xxu-----------------eng-d
020 |a 0-201-50881-8 
040 |a STU  |b slo 
041 0 |a eng 
044 |a xxu 
080 |a 681.32.016 
080 |a 519.683.5 
100 1 |a Date, C.J  |4 aut 
245 1 |a Relational database writings 1985 - 1989 /  |c [aut.] Date,C.J.; Warden,Andrew 
260 |a Reading :  |b Addison-Wesley,  |c 1990 
300 |a 528 s 
700 1 |a Warden, Andrew  |4 aut 
996 |b I4521  |c I*4521  |l II680  |s A  |a 24  |w stu180_0001